000 00307 a2200133 4500
001 62698
020 _a9788539400423
040 _cAnchieta - Pituba
240 1 0 _aContos para meninos, volume 1
_lpor
245 1 0 _aContos para meninos, volume 1
300 _a61
650 4 _aLiteratura juvenil
942 _cBK
999 _c62698
_d62698